[Event "GER-ch Seniors 18th"]
[Site "Dresden"]
[Date "2006.07.26"]
[Round "5"]
[White "Wunderer, Eckart"]
[Black "Ljubarskij, Jurij"]
[Result "0-1"]
[WhiteElo "2136"]
[BlackElo "2341"]
[PlyCount "48"]
[EventDate "2006.07.22"]
[EventType "swiss"]
[EventRounds "9"]
[EventCountry "GER"]
[SourceTitle "CBM 113 Extra"]
[Source "ChessBase"]
[SourceDate "2006.09.14"]
[SourceVersion "1"]
[SourceVersionDate "2006.09.14"]
[SourceQuality "1"]

1. d4 Nf6 2. Nf3 b6 3. c4 e6 4. e3 Bb7 5. Bd3 d5 6. 0-0 Nbd7 7. b3 Ne4 8. Bb2 Bd6 9. Nbd2 0-0 10. Qe2 f5 11. Ne5 Bxe5 12. dxe5 Ndc5 13. Bc2 Nxd2 14. Qxd2 dxc4 15. Qxd8 Rfxd8 16. Rfd1 cxb3 17. Bxb3 Bd5 18. Bc2 a5 19. Bd4 Na6 20. a3 b5 21. Bd3 c5 22. Bc3 Nc7 23. f3 b4 24. axb4 axb4 0-1

[Event "Bad Woerishofen Seniors opA 22th"]
[Site "Bad Woerishofen"]
[Date "2006.03.24"]
[Round "8"]
[White "Wunderer, Eckart"]
[Black "Homes, Helmut"]
[Result "1/2-1/2"]
[WhiteElo "1973"]
[BlackElo "1791"]
[PlyCount "48"]
[EventDate "2006.03.17"]
[EventType "swiss"]
[EventRounds "9"]
[EventCountry "GER"]
[SourceTitle "EXT 2022"]
[Source "ChessBase"]
[SourceDate "2021.10.06"]
[SourceVersion "1"]
[SourceVersionDate "2021.10.06"]
[SourceQuality "1"]

1. e4 e5 2. d4 exd4 3. Qxd4 Nc6 4. Qe3 Nf6 5. Nc3 Bb4 6. Bd2 0-0 7. 0-0-0 Re8 8. Qg3 Rxe4 9. Bf4 Nh5 10. Bxc7 Nxg3 11. Bxd8 Bxc3 12. hxg3 Bxb2+ 13. Kxb2 Nxd8 14. Bd3 Rb4+ 15. Ka3 Rb6 16. Bxh7+ Kf8 17. Bf5 Ne6 18. Nf3 Ke7 19. Rh8 Rc6 20. Ne5 Ra6+ 21. Kb2 d6 22. Bxe6 fxe6 23. Ng6+ Kf7 24. Nf4 b5 1/2-1/2

[Event "Bad Woerishofen Seniors opA 22th"]
[Site "Bad Woerishofen"]
[Date "2006.03.18"]
[Round "2"]
[White "Wunderer, Eckart"]
[Black "Reichwald, Klaus Dieter"]
[Result "1-0"]
[WhiteElo "1973"]
[BlackElo "1741"]
[PlyCount "67"]
[EventDate "2006.03.17"]
[EventType "swiss"]
[EventRounds "9"]
[EventCountry "GER"]
[SourceTitle "EXT 2022"]
[Source "ChessBase"]
[SourceDate "2021.10.06"]
[SourceVersion "1"]
[SourceVersionDate "2021.10.06"]
[SourceQuality "1"]

1. e4 g6 2. d4 Bg7 3. Nc3 d6 4. f4 e5 5. Nf3 exd4 6. Nxd4 Ne7 7. Be3 0-0 8. Be2 Nbc6 9. 0-0 Nxd4 10. Bxd4 Bxd4+ 11. Qxd4 Nc6 12. Qf2 f5 13. Bc4+ Kg7 14. Rad1 fxe4 15. Nxe4 Bf5 16. Bd5 Bxe4 17. Bxe4 Qf6 18. c3 Rfe8 19. Qf3 Re7 20. Bxc6 bxc6 21. Qxc6 Rae8 22. Rd2 Qe6 23. Rdf2 Qxa2 24. Qb5 Qe6 25. f5 gxf5 26. Rxf5 Qe3+ 27. Kh1 Re5 28. Rf7+ Kg8 29. Qd7 Qg5 30. Rxh7 R5e7 31. Rxe7 Rxe7 32. Qd8+ Kh7 33. h3 a5 34. Rf7+ 1-0

[Event "Hessen-ch Seniors op 01st"]
[Site "Bad Sooden-Allendorf"]
[Date "2005.04.27"]
[Round "6"]
[White "Oldach, Ehrenfried"]
[Black "Wunderer, Eckart"]
[Result "0-1"]
[WhiteElo "1926"]
[BlackElo "1968"]
[PlyCount "50"]
[EventDate "2005.04.22"]
[EventType "swiss"]
[EventRounds "9"]
[EventCountry "GER"]
[SourceTitle "EXT 2007"]
[Source "ChessBase"]
[SourceDate "2006.11.23"]
[SourceVersion "1"]
[SourceVersionDate "2006.11.23"]
[SourceQuality "1"]

1. e4 c6 2. Nc3 d5 3. Qf3 dxe4 4. Nxe4 Nd7 5. d4 Ngf6 6. c3 Nxe4 7. Qxe4 Nf6 8. Qc2 g6 9. Bd3 Bg7 10. Ne2 Nd5 11. h4 Be6 12. h5 Qc7 13. hxg6 hxg6 14. Rxh8+ Bxh8 15. Bd2 Qh2 16. 0-0-0 Qxg2 17. c4 Nc7 18. Nf4 Qxf2 19. d5 cxd5 20. Nxe6 Nxe6 21. Qa4+ Kf8 22. Rf1 Qd4 23. Qc2 Bf6 24. Bc3 Qe3+ 25. Bd2 Qe5 0-1

[Event "Hessen-ch Seniors op 01st"]
[Site "Bad Sooden-Allendorf"]
[Date "2005.04.24"]
[Round "3"]
[White "Wunderer, Eckart"]
[Black "Kuehn, Peter1111"]
[Result "1/2-1/2"]
[WhiteElo "1968"]
[BlackElo "1861"]
[PlyCount "48"]
[EventDate "2005.04.22"]
[EventType "swiss"]
[EventRounds "9"]
[EventCountry "GER"]
[SourceTitle "EXT 2007"]
[Source "ChessBase"]
[SourceDate "2006.11.23"]
[SourceVersion "1"]
[SourceVersionDate "2006.11.23"]
[SourceQuality "1"]

1. e4 c5 2. Nc3 Nc6 3. Bb5 e6 4. Nf3 Nge7 5. d4 cxd4 6. Nxd4 a6 7. Bxc6 bxc6 8. 0-0 Ng6 9. Be3 Rb8 10. Rb1 Qc7 11. f4 c5 12. Nde2 Be7 13. f5 Ne5 14. Nf4 0-0 15. Nh5 f6 16. Bf4 Kh8 17. Qe1 Rg8 18. Qh4 g5 19. fxg6 Rxg6 20. Bg3 Rh6 21. Bf4 Rg6 22. h3 Bb7 23. Bxe5 Qxe5 24. Nf4 Rg7 1/2-1/2

[Event "Hessen-ch Seniors op 01st"]
[Site "Bad Sooden-Allendorf"]
[Date "2005.04.23"]
[Round "2"]
[White "Schmieder, Wolfgang Ernst"]
[Black "Wunderer, Eckart"]
[Result "1/2-1/2"]
[WhiteElo "1629"]
[BlackElo "1968"]
[PlyCount "26"]
[EventDate "2005.04.22"]
[EventType "swiss"]
[EventRounds "9"]
[EventCountry "GER"]
[SourceTitle "EXT 2007"]
[Source "ChessBase"]
[SourceDate "2006.11.23"]
[SourceVersion "1"]
[SourceVersionDate "2006.11.23"]
[SourceQuality "1"]

1. c4 e5 2. Nc3 Nf6 3. d3 Bb4 4. Bd2 0-0 5. Nf3 Nc6 6. g3 Re8 7. Bg2 d5 8. cxd5 Nxd5 9. Nxd5 Qxd5 10. 0-0 Qd6 11. Rc1 Be6 12. Qa4 Bc5 13. Ng5 Bd5 1/2-1/2

[Event "Bad Woerishofen Seniors op 21st"]
[Site "Bad Woerishofen"]
[Date "2005.03.08"]
[Round "6"]
[White "Wunderer, Eckart"]
[Black "Villing, Dieter"]
[Result "0-1"]
[WhiteElo "2006"]
[BlackElo "2163"]
[PlyCount "61"]
[EventDate "2005.03.03"]
[EventType "swiss"]
[EventRounds "9"]
[EventCountry "GER"]
[SourceTitle "EXT 2006"]
[Source "ChessBase"]
[SourceDate "2005.11.24"]
[SourceVersion "1"]
[SourceVersionDate "2005.11.24"]
[SourceQuality "1"]

1. e4 c5 2. Nc3 Nc6 3. g3 g6 4. Bg2 Bg7 5. d3 d6 6. f4 Rb8 7. Nf3 Nd4 8. Be3 Bg4 9. h3 Bxf3 10. Bxf3 Qa5 11. Bd2 Qb6 12. Rb1 e6 13. Bg2 Ne7 14. 0-0 0-0 15. Kh1 Qa6 16. Be3 b5 17. a3 Rfe8 18. Ne2 Z0 19. Bxd4 cxd4 20. Rc1 Qa5 21. g4 b4 22. axb4 Qxb4 23. b3 Rb5 24. Ra1 Ra5 25. Rxa5 Qxa5 26. Ng3 Nc6 27. Qe1 Qc7 28. e5 d5 29. Ne2 a5 30. c3 dxc3 31. Nxc3 0-1

[Event "Tiefenbach op"]
[Site "Tiefenbach"]
[Date "2005.01.19"]
[Round "7"]
[White "Wahl, Frithjof"]
[Black "Wunderer, Eckart"]
[Result "1/2-1/2"]
[WhiteElo "2166"]
[BlackElo "2150"]
[PlyCount "44"]
[EventDate "2005.01.??"]
[EventType "swiss"]
[EventRounds "9"]
[EventCountry "GER"]
[SourceTitle "EXT 2006"]
[Source "ChessBase"]
[SourceDate "2005.11.24"]
[SourceVersion "1"]
[SourceVersionDate "2005.11.24"]
[SourceQuality "1"]

1. e4 c5 2. Nc3 Nc6 3. g3 g6 4. Bg2 Bg7 5. d3 d6 6. Nf3 e6 7. 0-0 Nge7 8. Be3 0-0 9. d4 cxd4 10. Nxd4 a6 11. Nxc6 bxc6 12. Qd2 Rb8 13. Rab1 d5 14. Bc5 Re8 15. Rfd1 Bb7 16. h4 Nc8 17. f4 Nd6 18. e5 Nc4 19. Qe2 Qc7 20. Ne4 Rbd8 21. Nd6 Nxd6 22. Bxd6 Qb6+ 1/2-1/2

[Event "Tiefenbach op"]
[Site "Tiefenbach"]
[Date "2005.01.15"]
[Round "3"]
[White "Borries, Barbara"]
[Black "Wunderer, Eckart"]
[Result "0-1"]
[WhiteElo "1975"]
[BlackElo "2150"]
[PlyCount "134"]
[EventDate "2005.01.??"]
[EventType "swiss"]
[EventRounds "9"]
[EventCountry "GER"]
[SourceTitle "EXT 2006"]
[Source "ChessBase"]
[SourceDate "2005.11.24"]
[SourceVersion "1"]
[SourceVersionDate "2005.11.24"]
[SourceQuality "1"]

1. e4 d5 2. exd5 Nf6 3. Bb5+ Bd7 4. Bc4 Bg4 5. f3 Bf5 6. Nc3 a6 7. a3 Nbd7 8. Nge2 Nb6 9. Bb3 Nbxd5 10. Nxd5 Nxd5 11. d4 e6 12. Ng3 Bg6 13. 0-0 Be7 14. c3 0-0 15. Qe2 c5 16. Bxd5 Qxd5 17. Be3 cxd4 18. Bxd4 Bd6 19. Rfe1 Rfe8 20. Bf2 Rad8 21. Rad1 Qc6 22. Qe3 Qc7 23. Qb6 Qb8 24. Qa7 Qxa7 25. Bxa7 Bc7 26. Bf2 Bc2 27. Rxd8 Rxd8 28. Be3 f6 29. Kf2 Kf7 30. Re2 Bb3 31. h3 f5 32. Bd4 g6 33. Nf1 Bc4 34. Re1 Bb5 35. b3 Bc6 36. g3 Bd5 37. b4 b5 38. f4 h6 39. Ne3 Be4 40. Rd1 g5 41. Be5 Rxd1 42. Nxd1 Bb6+ 43. Bd4 Bd8 44. Be5 gxf4 45. Bxf4 h5 46. Be5 Bg5 47. Ne3 h4 48. Bd4 hxg3+ 49. Kxg3 f4+ 50. Kg4 Kg6 51. h4 Bh6 52. Nf1 Bf5+ 53. Kf3 Kh5 54. Be5 Bg4+ 55. Kf2 Kxh4 56. a4 bxa4 57. c4 Bf8 58. c5 Bf5 59. Nd2 Bd3 60. c6 Bb5 61. c7 Bd7 62. Bxf4 Bxb4 63. Nf3+ Kh5 64. Be5 a3 65. Ke2 a2 66. Nd2 Bd6 67. Ba1 Bxc7 0-1

[Event "Bad Griesbach Seniors op 7th"]
[Site "Bad Griesbach"]
[Date "2004.12.11"]
[Round "7"]
[White "Peleikis, Horst"]
[Black "Wunderer, Eckart"]
[Result "1/2-1/2"]
[WhiteElo "1896"]
[BlackElo "1959"]
[PlyCount "33"]
[EventDate "2004.12.05"]
[EventType "swiss"]
[EventRounds "7"]
[EventCountry "GER"]
[SourceTitle "EXT 2006"]
[Source "ChessBase"]
[SourceDate "2005.11.24"]
[SourceVersion "1"]
[SourceVersionDate "2005.11.24"]
[SourceQuality "1"]

1. e4 d5 2. exd5 Nf6 3. d4 Bg4 4. Nf3 Qxd5 5. Be2 Nc6 6. Be3 e6 7. 0-0 0-0-0 8. Nbd2 Be7 9. c3 Qf5 10. Rc1 Nd5 11. b4 h5 12. a4 Nxe3 13. fxe3 Bxf3 14. Rxf3 Qg6 15. Nc4 Bf6 16. Bd3 Qh6 17. Rb1 1/2-1/2

[Event "Bad Griesbach Seniors op 7th"]
[Site "Bad Griesbach"]
[Date "2004.12.06"]
[Round "2"]
[White "Wunderer, Eckart"]
[Black "Fischer, Semen"]
[Result "1-0"]
[WhiteElo "1959"]
[BlackElo "1689"]
[PlyCount "81"]
[EventDate "2004.12.05"]
[EventType "swiss"]
[EventRounds "7"]
[EventCountry "GER"]
[SourceTitle "EXT 2006"]
[Source "ChessBase"]
[SourceDate "2005.11.24"]
[SourceVersion "1"]
[SourceVersionDate "2005.11.24"]
[SourceQuality "1"]

1. e4 c5 2. c3 e5 3. Nf3 Nc6 4. Bc4 d6 5. d4 exd4 6. cxd4 Qf6 7. dxc5 dxc5 8. Nc3 Bd6 9. Bg5 Qg6 10. Qd2 h6 11. 0-0-0 Nd4 12. Be3 Bg4 13. Bxd4 cxd4 14. Qxd4 Bf4+ 15. Kb1 Nf6 16. Ne5 Bxe5 17. Qxe5+ Kf8 18. f3 Bd7 19. Nd5 Bc6 20. Nf4 Qg5 21. Qc7 Kg8 22. Bxf7+ Kh7 23. Bg6+ Qxg6 24. Nxg6 Kxg6 25. h4 Rhe8 26. Ka1 Kh7 27. g4 Rac8 28. Qa5 a6 29. g5 Ng8 30. Qf5+ Kh8 31. Rhg1 Rf8 32. Qg4 Rc7 33. Rd6 Rcf7 34. gxh6 Nxh6 35. Qh5 Rf6 36. Rxf6 Rxf6 37. Rg6 Kh7 38. Rxf6 gxf6 39. Qc5 Kg7 40. Qe7+ Nf7 41. f4 1-0

[Event "Bad Sooden-Allendorf Seniors op 16th"]
[Site "Bad Sooden-Allendorf"]
[Date "2004.04.30"]
[Round "9"]
[White "Wunderer, Eckart"]
[Black "Jung, Michael"]
[Result "1/2-1/2"]
[WhiteElo "2176"]
[BlackElo "1693"]
[PlyCount "37"]
[EventDate "2004.04.22"]
[EventType "swiss"]
[EventRounds "9"]
[EventCountry "GER"]
[SourceTitle "EXT 2006"]
[Source "ChessBase"]
[SourceDate "2005.11.24"]
[SourceVersion "1"]
[SourceVersionDate "2005.11.24"]
[SourceQuality "1"]

1. e4 Nf6 2. Nc3 d5 3. exd5 Nxd5 4. Bc4 c6 5. Qf3 e6 6. Qg3 Nd7 7. d4 N7f6 8. Nge2 g6 9. Bg5 Bg7 10. Nxd5 cxd5 11. Bd3 0-0 12. 0-0 Qb6 13. Rab1 Bd7 14. Qh4 Ne4 15. Bxe4 dxe4 16. Qxe4 Bc6 17. Qd3 Qa5 18. Be7 Rfe8 19. Ba3 1/2-1/2

[Event "Bad Sooden-Allendorf Seniors op 16th"]
[Site "Bad Sooden-Allendorf"]
[Date "2004.04.29"]
[Round "8"]
[White "Eidelmann, Vova"]
[Black "Wunderer, Eckart"]
[Result "1-0"]
[WhiteElo "2036"]
[BlackElo "2176"]
[PlyCount "105"]
[EventDate "2004.04.22"]
[EventType "swiss"]
[EventRounds "9"]
[EventCountry "GER"]
[SourceTitle "EXT 2006"]
[Source "ChessBase"]
[SourceDate "2005.11.24"]
[SourceVersion "1"]
[SourceVersionDate "2005.11.24"]
[SourceQuality "1"]

1. d4 Nf6 2. c4 g6 3. Nc3 Bg7 4. e4 d6 5. Be2 Nbd7 6. Be3 e5 7. d5 b6 8. Qd2 a5 9. g4 Nc5 10. f3 h5 11. g5 Ng8 12. h4 Ne7 13. Nh3 Bd7 14. 0-0-0 Qc8 15. Nf2 a4 16. Nd3 Qa6 17. Nxc5 bxc5 18. Nb5 Qb7 19. Bd3 0-0 20. Qg2 Nc8 21. Na3 Rb8 22. Rh2 c6 23. dxc6 Bxc6 24. Bf1 Rd8 25. Bxc5 Qc7 26. Be3 d5 27. Qc2 d4 28. Rhd2 Nb6 29. Bg1 Rdc8 30. Bh2 Qe7 31. Bd3 Nd7 32. f4 exf4 33. Bxf4 Rb7 34. Re2 Nc5 35. Rde1 Na6 36. e5 Nb4 37. Qb1 Bd5 38. Kd2 Nxd3 39. Kxd3 Qxa3+ 40. bxa3 Bxc4+ 41. Kd2 Rxb1 42. Rxb1 Bxe2 43. Kxe2 Rc2+ 44. Kd3 Rxa2 45. Kxd4 Rxa3 46. Rb8+ Kh7 47. Rb7 Rh3 48. Rxf7 Rxh4 49. Ke4 Rh1 50. e6 Re1+ 51. Be3 Kg8 52. Ra7 a3 53. Ra8+ 1-0

[Event "Alpenpokal op 30th"]
[Site "Tiefenbach"]
[Date "2004.??.??"]
[Round "8"]
[White "Wunderer, Eckart"]
[Black "Merkel, Gerd"]
[Result "1/2-1/2"]
[WhiteElo "1973"]
[BlackElo "2095"]
[PlyCount "77"]
[EventDate "2004.01.08"]
[EventType "swiss"]
[EventRounds "9"]
[EventCountry "GER"]
[SourceTitle "EXT 2006"]
[Source "ChessBase"]
[SourceDate "2005.11.24"]
[SourceVersion "1"]
[SourceVersionDate "2005.11.24"]
[SourceQuality "1"]

1. e4 d6 2. d4 g6 3. Nf3 Bg7 4. c4 Nf6 5. Nc3 0-0 6. h3 Nbd7 7. Bg5 h6 8. Be3 e5 9. d5 Nc5 10. Nd2 a5 11. Be2 Ne8 12. 0-0 b6 13. a3 a4 14. Bxc5 bxc5 15. Nxa4 f5 16. Nc3 Nf6 17. b4 cxb4 18. axb4 Rb8 19. Rb1 h5 20. exf5 Bxf5 21. Bf3 Bxb1 22. Qxb1 Kh7 23. Nde4 Bh6 24. Nxf6+ Qxf6 25. Ne4 Qh4 26. Kh2 Rf5 27. g3 Qe7 28. Bg2 Qe8 29. Qb3 h4 30. g4 Rf7 31. Rb1 Kg8 32. b5 Kh8 33. Qd3 Bf8 34. Kg1 Be7 35. Qe3 Rf4 36. Qc3 Kh7 37. Qa5 Qc8 38. Ra1 Rf8 39. Qd2 1/2-1/2

[Event "Alpenpokal op 30th"]
[Site "Tiefenbach"]
[Date "2004.??.??"]
[Round "1"]
[White "Zuri, Amin Barin"]
[Black "Wunderer, Eckart"]
[Result "0-1"]
[WhiteElo "1919"]
[BlackElo "1973"]
[PlyCount "45"]
[EventDate "2004.01.08"]
[EventType "swiss"]
[EventRounds "9"]
[EventCountry "GER"]
[SourceTitle "EXT 2006"]
[Source "ChessBase"]
[SourceDate "2005.11.24"]
[SourceVersion "1"]
[SourceVersionDate "2005.11.24"]
[SourceQuality "1"]

1. d4 Nf6 2. c4 g6 3. Nc3 Bg7 4. e4 d6 5. Nf3 0-0 6. Bd3 Nbd7 7. 0-0 e5 8. d5 Nc5 9. Bc2 a5 10. Bg5 Bd7 11. Qd2 Qe8 12. a4 Nh5 13. Nb5 Bxb5 14. axb5 b6 15. Ra2 f5 16. exf5 gxf5 17. Nh4 e4 18. Bh6 f4 19. Bxf4 Nxf4 20. Ra3 Qe5 21. Bb1 Rad8 22. Re1 Qg5 23. g3 0-1

[Event "Bayern-chI Bank Hofmann 7th"]
[Site "Bad Wiessee"]
[Date "2003.11.10"]
[Round "3"]
[White "Bromberger, Stefan"]
[Black "Wunderer, Eckart"]
[Result "1-0"]
[WhiteElo "2448"]
[BlackElo "2201"]
[PlyCount "53"]
[EventDate "2003.11.08"]
[EventType "swiss"]
[EventRounds "9"]
[EventCountry "GER"]
[SourceTitle "EXT 2004"]
[Source "ChessBase"]
[SourceDate "2003.11.25"]
[SourceVersion "1"]
[SourceVersionDate "2003.11.25"]
[SourceQuality "1"]

1. e4 d6 2. d4 Nf6 3. Nc3 c6 4. f4 Qa5 5. Bd3 e5 6. dxe5 dxe5 7. Nf3 Bg4 8. fxe5 Nfd7 9. Bf4 Nxe5 10. Bxe5 Bxf3 11. Qxf3 Qxe5 12. Bc4 f6 13. 0-0-0 Bb4 14. Qd3 Be7 15. Rhf1 g6 16. Ne2 b5 17. Bb3 a5 18. Nd4 Ra7 19. Qh3 Rd7 20. Nf3 Qf4+ 21. Kb1 a4 22. Be6 Rxd1+ 23. Rxd1 Kf8 24. Nd4 Bc5 25. g3 Qe3 26. Nf5 gxf5 27. Qh5 1-0

[Event "Alpenpokal op 29th"]
[Site "Oberstdorf"]
[Date "2003.??.??"]
[Round "9"]
[White "Krafzik, Joachim"]
[Black "Wunderer, Eckart"]
[Result "0-1"]
[WhiteElo "2073"]
[BlackElo "2201"]
[PlyCount "81"]
[EventDate "2003.01.??"]
[EventType "swiss"]
[EventRounds "9"]
[EventCountry "GER"]
[SourceTitle "EXT 2004"]
[Source "ChessBase"]
[SourceDate "2003.11.25"]
[SourceVersion "1"]
[SourceVersionDate "2003.11.25"]
[SourceQuality "1"]

1. b4 e6 2. Bb2 Nf6 3. b5 d5 4. e3 c5 5. c4 Bd6 6. Nf3 Nbd7 7. Be2 b6 8. cxd5 exd5 9. d4 0-0 10. a4 Bb7 11. Nbd2 Qe7 12. Ba3 Rac8 13. Rc1 Rfe8 14. 0-0 Ne4 15. Bd3 Qf6 16. Bb1 Qh6 17. h3 cxd4 18. Bxd6 dxe3 19. Rxc8 Rxc8 20. fxe3 Nxd6 21. Re1 Nc5 22. Nd4 Re8 23. Nf1 Nde4 24. Bxe4 Nxe4 25. Qf3 Qg6 26. Rc1 Nc5 27. a5 h6 28. a6 Ba8 29. Qf4 Nd3 30. Qc7 Nxc1 31. Qxc1 Qd6 32. Qe1 g6 33. Qh4 Kh7 34. Qg4 f5 35. Qh4 Re4 36. Qf2 f4 37. exf4 Rxf4 38. Qd2 Qf6 39. Nf3 d4 40. N1h2 Bxf3 41. Nxf3 0-1

[Event "Alpenpokal op 29th"]
[Site "Oberstdorf"]
[Date "2003.??.??"]
[Round "5"]
[White "Siegmund, Rainer"]
[Black "Wunderer, Eckart"]
[Result "1/2-1/2"]
[WhiteElo "2115"]
[BlackElo "2201"]
[PlyCount "53"]
[EventDate "2003.01.??"]
[EventType "swiss"]
[EventRounds "9"]
[EventCountry "GER"]
[SourceTitle "EXT 2004"]
[Source "ChessBase"]
[SourceDate "2003.11.25"]
[SourceVersion "1"]
[SourceVersionDate "2003.11.25"]
[SourceQuality "1"]

1. d4 Nf6 2. c4 g6 3. Nc3 Bg7 4. e4 d6 5. Nf3 0-0 6. Be2 e5 7. 0-0 Na6 8. Be3 Ng4 9. Bg5 Qe8 10. h3 h6 11. Bc1 Nf6 12. dxe5 dxe5 13. Be3 c6 14. b4 Qe7 15. a3 Bd7 16. Qc1 Kh7 17. Nd2 b6 18. Nb3 Nc7 19. c5 b5 20. Rd1 Ne6 21. Ra2 Ne8 22. a4 bxa4 23. Rxa4 f5 24. f3 Nf6 25. Qc2 fxe4 26. fxe4 Nf4 27. Bf1 1/2-1/2